000 00438nam a2200157Ia 4500
005 20250606031649.0
008 240331s9999 xx 000 0 und d
020 _a9559008447
082 _bATH
_a305
100 _aAththanayake,D.R
245 0 _aYahapath biridak wiya haki maga
260 _aPanadura
_bSisksha manthira publishers
_c1999
300 _a211 p .,
500 _aA book about how to help your husband to get ahead
942 _cL
999 _c5147
_d5147